1344 1138 1426 1009 1082 1367 1663 1566 1471 1873 1528 1900 1132 1490 1695 1672 1367 1396 1533 1246 1179 1555 1003 1575 1874 1002 1673 1588 1158 1151 1387 1893 1634 1548 1693 1782 1408 1716 1458 1887 1740 1734 1790 1217 1399 1802 1191 1541 1983 1992 1884 1548 1111 1704 1555 1902 1479 1707 1957 1217 1292 1142 1714 1309 1772 1371 1074 1948 1184 1755 1241 1034 1291 1989 1665 1604 1225 1440 1429 1635 1049 1857 1927 1310 1456 1850 1722 1417 1624 1261 1611 1246 1612 1776 1435 1241 1417 1610 1903 BCNSPRNW ULIB Ver.6.0+V

เปลี่ยนเป็นภาษาไทย

Change to English
 แสดงรายละเอียดบรรณานุกรม
  กลับหน้าหลัก

Brief Record : Get Marc (ISO 2709) : E-mail record : QR code < ปิดหน้าต่าง
LEADER : 00000nam 2200000uu 4500
001    13399123762
003     ULIB
008    141126s2556||||th 000 0 tha d
020    ^a9786162844935
060 04 ^aWG340^bน643ร
100 0  ^aนิดดา หงษ์วิวัฒน์
245 10 ^aรักษาโรคความดันโลหิตสูงแนวธรรมชาติ /^cนิดดา หงษ์วิวัฒน์
250    ^aพิมพ์ครั้งที่ 1
260    ^aกรุงเทพฯ :^bแสงแดด,^c2556
300    ^a127 หน้า :^bภาพประกอบ ;^c27 ซม.
650  7 ^aความดันเลือดสูง
650  0 ^aโรคความดันโลหิตสูง
945    ^p95^l0^i037135
945    ^p95^l0^i037136
945    ^p95^l0^i037137
945    ^p95^l0^i037138
945    ^p95^l0^i037139
945    ^p95^l0^i037140
945    ^p95^l0^i037141
945    ^p95^l0^i037142
945    ^p95^l0^i037143
945    ^p95^l0^i037144
999    ^aเกษร โพธิ์สุวรรณ
รายการนี้ยังไม่มีแท็ก
คุณยังไม่ได้ล็อกอิน คุณสามารถมีกิจกรรมร่วมกับเว็บไซต์ได้ แต่ต้องล็อกอินก่อน ::
  ล็อกอิน

รายการสื่อสารสนเทศ

ลำดับที่ ประเภท เลขเรียก/บาร์โค้ด สถานที่ สถานะ
1. วิทยาศาสตร์การแพทย์ และสุขภาพ
หนังสือสำรอง
สถานะ=หนังสือสำรอง
WG340 น643ร ฉ.1 
  Barcode: 037135
ห้องสมุดวิทยาเขตสวรรค์ประชารักษ์
►ส่วนจัดเก็บหนังสือเก่า สปร
บนชั้น
  ขอยืม
2. วิทยาศาสตร์การแพทย์ และสุขภาพ
วิทยาศาสตร์การแพทย์ และสุขภาพ
WG340 น643ร ฉ.10 
  Barcode: 037144
ห้องสมุดวิทยาเขตสวรรค์ประชารักษ์
►ส่วนจัดเก็บหนังสือเก่า สปร
บนชั้น
  ขอยืม
3. วิทยาศาสตร์การแพทย์ และสุขภาพ
วิทยาศาสตร์การแพทย์ และสุขภาพ
WG340 น643ร ฉ.2 
  Barcode: 037136
ห้องสมุดวิทยาเขตสวรรค์ประชารักษ์
►ส่วนจัดเก็บหนังสือเก่า สปร
บนชั้น
  ขอยืม
4. วิทยาศาสตร์การแพทย์ และสุขภาพ
วิทยาศาสตร์การแพทย์ และสุขภาพ
WG340 น643ร ฉ.3 
  Barcode: 037137
ห้องสมุดวิทยาเขตสวรรค์ประชารักษ์
►หนังสือทั่วไป
บนชั้น
5. วิทยาศาสตร์การแพทย์ และสุขภาพ
วิทยาศาสตร์การแพทย์ และสุขภาพ
WG340 น643ร ฉ.4 
  Barcode: 037138
ห้องสมุดวิทยาเขตสวรรค์ประชารักษ์
►ส่วนจัดเก็บหนังสือเก่า สปร
บนชั้น
  ขอยืม
6. วิทยาศาสตร์การแพทย์ และสุขภาพ
วิทยาศาสตร์การแพทย์ และสุขภาพ
WG340 น643ร ฉ.5 
  Barcode: 037139
ห้องสมุดวิทยาเขตสวรรค์ประชารักษ์
►ส่วนจัดเก็บหนังสือเก่า สปร
บนชั้น
  ขอยืม
7. วิทยาศาสตร์การแพทย์ และสุขภาพ
วิทยาศาสตร์การแพทย์ และสุขภาพ
WG340 น643ร ฉ.6 
  Barcode: 037140
ห้องสมุดวิทยาเขตสวรรค์ประชารักษ์
►ส่วนจัดเก็บหนังสือเก่า สปร
บนชั้น
  ขอยืม
8. วิทยาศาสตร์การแพทย์ และสุขภาพ
วิทยาศาสตร์การแพทย์ และสุขภาพ
WG340 น643ร ฉ.7 
  Barcode: 037141
ห้องสมุดวิทยาเขตสวรรค์ประชารักษ์
►ส่วนจัดเก็บหนังสือเก่า สปร
บนชั้น
  ขอยืม
9. วิทยาศาสตร์การแพทย์ และสุขภาพ
วิทยาศาสตร์การแพทย์ และสุขภาพ
WG340 น643ร ฉ.8 
  Barcode: 037142
ห้องสมุดวิทยาเขตสวรรค์ประชารักษ์
►ส่วนจัดเก็บหนังสือเก่า สปร
บนชั้น
  ขอยืม
10. วิทยาศาสตร์การแพทย์ และสุขภาพ
วิทยาศาสตร์การแพทย์ และสุขภาพ
WG340 น643ร ฉ.9 
  Barcode: 037143
ห้องสมุดวิทยาเขตสวรรค์ประชารักษ์
►ส่วนจัดเก็บหนังสือเก่า สปร
บนชั้น
  ขอยืม

รายการใกล้เคียง
    ผู้แต่ง [นิดดา หงษ์วิวัฒน์]

    หัวเรื่อง [ความดันเลือดสูง]
    หัวเรื่อง [โรคความดันโลหิตสูง]

BibComment


ยังไม่เคยถูกคอมเมนท์

คอมเมนท์ทรัพยากรรายการนี้
  คอมเมนท์: รักษาโรคความดันโ..


 Copyright 2026. Bcnsprnw @Library